Statistiques concernant Communes littorales des Pyrénées-Atlantiques (64)

Cliquez ici pour prendre le quiz!

Statistiques générales

  • Ce quiz a été pris 97 fois
  • Le résultat moyen est 6 sur 8

Statistiques - réponses

Réponse% Correct
Biarritz
100%
Saint-Jean-de-Luz
92%
Anglet
91%
Hendaye
90%
Bidart
71%
Guéthary
61%
Urrugne
57%
Ciboure
54%

Distribution des résultats

Percentile par nombre de réponses

% des personnes avec chaque résultat

Votre développement - résultats

Vous n’avez pas pris ce quiz